Salt Lake City Airport (SLC) Destinations - Statistics

General Stats
  • This quiz has been taken 473 times
    408 since last reset
  • The average score is 64 of 102
Answer Stats
Hint Answer % Correct
American, Delta, Delta Connection Dallas/Fort Worth
93%
Southwest Dallas-Love
93%
American, Delta, Delta Connection, Frontier, Southwest Phoenix
93%
Alaska Air, Delta, Delta Connection Seattle/Tacoma
93%
Southwest Houston-Hobby
92%
Delta, Delta Connection, United, United Express Houston-Intercontinental
92%
Delta, JetBlue New York-JFK
92%
Alaska Air, Delta, Delta Connection, United, United Express San Francisco
91%
Delta, Frontier Atlanta
90%
Delta, Delta Connection, Frontier, Southwest, United, United Express Denver
90%
Alaska Air, Delta, Delta Connection Portland (OR)
90%
Delta, JetBlue Boston
89%
Southwest Chicago-Midway
89%
American, American Eagle, Delta, Delta Connection, United, United Express Chicago-O'hare
89%
Alaska Air, American Eagle, Delta, Southwest, United Express Los Angeles
89%
Delta Miami
89%
Delta, Delta Connection, Frontier, Southwest Las Vegas
88%
Alaska Air, Delta, Southwest San Diego
86%
Delta, Delta Connection Austin
85%
Delta, Delta Connection San Jose del Cabo
84%
Alaska Air, Delta, Delta Connection Boise
82%
American, Delta Philadelphia
82%
Delta, Delta Connection, Southwest Sacramento
82%
Delta, Delta Connection San Antonio
82%
Air Canada, Delta Toronto-Pearson
82%
Delta Washington-Dulles
82%
Delta Washington-National
82%
Delta Detroit
81%
Delta, JetBlue Orlando
81%
Delta, Delta Connection, Southwest San Jose (CA)
81%
American, Delta Charlotte
80%
Delta, Delta Connection Kansas City
80%
Aeromexico, Delta Mexico City
80%
Delta, Delta Connection Minneapolis/St. Paul
80%
Delta Tampa
80%
Delta, Delta Connection Vancouver
80%
Delta London-Heathrow
78%
Delta, Delta Connection New Orleans
78%
Delta Anchorage
76%
Delta Honolulu
76%
Delta Connection Oklahoma City
76%
Delta Paris-Charles de Gaulle
76%
Delta, Delta Connection Reno/Tahoe
76%
Delta Connection Calgary
75%
Delta, Delta Connection Nashville
75%
Delta, KLM Amsterdam
74%
Delta, United Newark
74%
Delta, Delta Connection Albuquerque
73%
Delta Connection Colorado Springs
72%
Delta Connection Milwaukee
72%
Delta, Delta Connection, Southwest Oakland
72%
Delta, Delta Connection St. Louis
72%
Delta Connection Tucson
72%
Delta, Southwest Baltimore
70%
Delta, Delta Connection Omaha
67%
Delta, Delta Connection Spokane
65%
Delta, Delta Connection Billings
64%
Delta Raleigh/Durham
64%
Delta Connection Tulsa
64%
Delta Connection Fresno
63%
Delta Cancun
62%
Delta, JetBlue Fort Lauderdale
62%
Delta Cincinnati
59%
Delta Connection Des Moines
59%
Aeromexico Connect, Delta Guadalajara
56%
Delta Connection Helena
56%
Delta Connection St. George
56%
Delta Connection Idaho Falls
52%
Delta Connection Eugene
51%
Delta, Delta Connection Orange County
51%
Delta, Delta Connection Bozeman
49%
Delta Connection Aspen
47%
Delta, Delta Connection Missoula
46%
Delta, Delta Connection, Southwest Burbank
44%
Delta, Delta Connection, JetBlue Long Beach
44%
Delta, Delta Connection Ontario
44%
Delta Connection Great Falls
40%
Delta, Delta Connection Jackson Hole
39%
Delta Connection Grand Junction
37%
Delta Connection Madison
37%
Delta Connection Casper
36%
Delta Connection Pocatello
35%
Delta Connection Rapid City
34%
Delta Connection Palm Springs
33%
Delta Connection Eagle/Vail
32%
Delta, Delta Connection Kalispell
32%
Boutique Air Moab
32%
Delta Connection Twin Falls
31%
Delta, Delta Connection Puerto Vallarta
30%
Delta Connection Elko
29%
Delta Kahului
28%
Delta Connection Medford
28%
Delta Connection Butte
26%
Delta Connection Cedar City
24%
Delta Connection Cody
20%
Delta, Delta Connection Tri-Cities (WA)
19%
Delta Connection Montrose
17%
Boutique Air Vernal
17%
Delta Connection West Yellowstone
17%
Delta Connection Redmond
16%
Delta Connection Sun Valley
14%
Delta Connection Lewiston
11%
No matching quizzes found
Score Distribution
Percent of People with Each Score
Percentile by Number Answered
Your Score History
You have not taken this quiz since the last reset